000 00534nam a22001697a 4500
003 PILC
005 20150112093445.0
008 130129t xxu||||| |||| 00| 0 eng d
020 _a9711603861
050 _aKPM 3794
_b.R454 1996
082 _aFil 345
_bR32 2002
110 _aCBSI Editorial Staff
_922343
245 _aThe revised penal code (criminal law) :
_cAct no.3815, as amended with complete updated related special laws /
260 _aManila
_bNational Book Store
_c1996.
300 _a847 pages :
_c22 cm.
942 _2lcc
_cBK
999 _c14874
_d14874